| 000 -LEADER |
| fixed length control field |
00563cam a2200205 a 4500 |
| 001 - CONTROL NUMBER |
| control field |
4021 |
| 003 - CONTROL NUMBER IDENTIFIER |
| control field |
BD-DhUAP |
| 005 - DATE AND TIME OF LATEST TRANSACTION |
| control field |
20200310160854.0 |
| 008 - FIXED-LENGTH DATA ELEMENTS--GENERAL INFORMATION |
| fixed length control field |
200310s1990 enk bd 000 0 eng d |
| 040 ## - CATALOGING SOURCE |
| Original cataloging agency |
UKM |
| Transcribing agency |
UKM |
| Modifying agency |
KKS |
| -- |
GZM |
| -- |
C#P |
| -- |
BD-DhUAP |
| Language of cataloging |
Eng |
| 082 ## - DEWEY DECIMAL CLASSIFICATION NUMBER |
| Edition number |
23 |
| Classification number |
423 WEB |
| 245 14 - TITLE STATEMENT |
| Title |
Webster's Dictionary / |
| Statement of responsibility, etc. |
Edited by Liz Kauffman. |
| 250 ## - EDITION STATEMENT |
| Edition statement |
new rev. ed. |
| 260 ## - PUBLICATION, DISTRIBUTION, ETC. |
| Place of publication, distribution, etc. |
London : |
| Name of publisher, distributor, etc. |
Landoll's, |
| Date of publication, distribution, etc. |
c1990. |
| 300 ## - PHYSICAL DESCRIPTION |
| Extent |
222 pages ; |
| Dimensions |
20 cm. |
| 650 #0 - SUBJECT ADDED ENTRY--TOPICAL TERM |
| Topical term or geographic name entry element |
English Language |
| Form subdivision |
Dictionaries. |
| 650 #0 - SUBJECT ADDED ENTRY--TOPICAL TERM |
| Topical term or geographic name entry element |
Dictionaries. |
| 700 ## - ADDED ENTRY--PERSONAL NAME |
| Personal name |
Kauffman, Liz. |
| 942 ## - ADDED ENTRY ELEMENTS (KOHA) |
| Source of classification or shelving scheme |
|
| Koha item type |
Book |